Регионална библиотека "Любен Каравелов" - Русе

Всъдеходи (Запис номер 164239)

MARC детайли
000 -Лидер
Контролно поле с фиксирана дължина 01466nam a2200361 c 4500
003 - Код на организацията, давaща контролен номер
Контролно поле BLK
005 - Дата и час на последна редакция
Контролно поле 20180422113955.0
008 - Елементи от данни с фиксирана дължина
fixed length control field 180410b bul|||||r ||||||| ||bul||
010 ## - Наследен системен номер
LC control number KNG00171740000
040 ## - Източник на каталожния запис
Идентификатор на билиотеката - собственик на записа BLK
041 ## - Код за език
Код за езика на текст/звукозапис или на отделно заглавие Български
Код за езика КДБФ Български
080 ## - УДК
Текстов определител УДК Техника на транспортните средства
УДК код - определител по УДК 629
УДК определител (02.062)
УДК - код + определител 629(02.062)
100 1# - Редна дума - Автор
Автор Вълчев, Иван
Авторска отговорност първи автор
Автор - информация (биография) Иванов, Иван Вълчев
R(LIN) 367109
139 ## - Редно поле
Редна дума Вълчев, Иван
Авторски знак Вълч - В 95
245 10 - Сведения за заглавието
Заглавие Всъдеходи
Подзаглавни данни Науч.-худож. кн. за юноши
Редно поле (дума) Иван Вълчев; * Иван Вълчев Иванов.
257 ## - Страна на издаване
Страна на създаване/издаване България
260 ## - Област на издателските данни
-- София
Име на издателя, разпространителя и проч. Отечество
Година на издаване 1988
300 ## - Физическа характеристика
Страници 152 с.
Илюстрации и др. с ил.
Размери/Мащаб 17Х24 см
380 ## - Жанр
Жанр Детска отраслова лит.
490 1# - СЕРИИ (Колекции)
Име на серия Поредица Парад на превозните средства
№: серия 7
500 ## - Общи забележки
Забележка Пълното име на авт. е Иван Вълчев Иванов. - Офс. изд. - 33 117 тир.
650 #4 - Допълнително описание по предмет – тема
Основно описание – тема или топоним Транспорт
9 (RLIN) 173907
653 ## - Ключова дума – ненормативна
Ключова дума транспортна техника
653 ## - Ключова дума – ненормативна
Ключова дума техника с повишена проходимост
653 ## - Ключова дума – ненормативна
Ключова дума детска литература
653 ## - Ключова дума – ненормативна
Ключова дума всъдеходи
700 1# - Други автори (авторска отговорност)
Лично име Иванов, Иван Вълчев
Автороска отговорност (Описва отношението между автора и произведението) *
9 (RLIN) 336267
852 ## - Местоположение
Форматна сигнатура Цб 152287
856 4# - Електронен адрес и достъп
Електронен формат pdf - файл
Път до файла /url/
856 4# - Електронен адрес и достъп
Електронен формат pdf - файл
Път до файла /url/
942 ## - АРТИКУЛИ
Вид на библиотечния материал Книги
Скрит в OPAC Не
944 ## - СЪЗДАВАНЕ И РЕДАКЦИЯ на ЗАПИСА
Създаване/Редакция Създаване
Дата на регистрацията/редакция 20.02.2015
Служител, извършил регистрацията/редакцията Милена_Ачева
944 ## - СЪЗДАВАНЕ И РЕДАКЦИЯ на ЗАПИСА
Създаване/Редакция Редакция
Дата на регистрацията/редакция 20.02.2015
Служител, извършил регистрацията/редакцията Милена_Ачева
999 ## - СИСТЕМНИ КОНТРОЛНИ НОМЕРА
Koha biblionumber 164239
Koha biblioitemnumber 164239
Наличности
Код за отписване Код за изгубен артикул Източник на класификационната схема Код за повреда Коз за рестрикции Код за отдаване Артикулен № Име на библиотеката - собственик Име на библиотеката, в която се намира в момента Статус (Текущо местоположение) Дата на вписване в системата Местоположение - отдел Цена в лева Инвентарен номер Систематично азбучна сигнатура Баркод Номер на екземпляра Цена в евро Служебна бележка Служебен тип на артикула
  Не е изгубен Universal Decimal Classification Не е повреден без рестрикции ползва се в читалня 275965 Регионална библиотека "Любен Каравелов" Русе Регионална библиотека "Любен Каравелов" Русе Хранилище 1988-01-01 Хранилище 1.49 492967 Цб 152287 120000492967 1 0.76 Дост: Dp Вид: Д N: стар фонд Дата: 01.01.1988 Книги
Изтеглен Не е изгубен Universal Decimal Classification Не е повреден без рестрикции заемане за дома 275966 Регионална библиотека "Любен Каравелов" Русе Регионална библиотека "Любен Каравелов" Русе Заемна - подръчен фонд 1988-01-01 Заемна - подръчен фонд 1.42 497094 П 629/В 95 497094 2 0.73 Вид: Сф N: стар фонд Дата: 01.01.1988 Книги
  Не е изгубен Universal Decimal Classification Не е повреден без рестрикции заемане за дома 275967 Регионална библиотека "Любен Каравелов" Русе Регионална библиотека "Любен Каравелов" Русе Детски отдел 1988-01-01 Детски отдел 1.49 497098 ДН 629/В 95 120000497098 3 0.76 Вид: Сф N: стар фонд Дата: 01.01.1988 Дата инв: 02.10.2015 Бележки инв: Д2015 Книги
Vip Innovations Ltd, Rousse, Bulgaria 2025